[Event "Leverkusen-ch op"]
[Site "Leverkusen"]
[Date "2010.03.08"]
[Round "4"]
[White "Reinemer, Frank"]
[Black "Wegener, Marcus"]
[Result "1-0"]
[WhiteElo "2232"]
[BlackElo "2035"]
[PlyCount "41"]
[EventDate "2010.01.18"]
[EventType "swiss"]
[EventRounds "7"]
[EventCountry "GER"]
[SourceTitle "EXT 2011"]
[Source "ChessBase"]
[SourceDate "2010.11.26"]
[SourceVersion "1"]
[SourceVersionDate "2010.11.26"]
[SourceQuality "1"]

1. d4 Nf6 2. c4 c5 3. d5 b5 4. cxb5 a6 5. Nc3 axb5 6. e4 Qa5 7. e5 Ne4 8. Bd2 Nxd2 9. Qxd2 c4 10. Be2 e6 11. Bf3 b4 12. Nce2 c3 13. bxc3 bxc3 14. Nxc3 Bb4 15. Nge2 Ra7 16. 0-0 0-0 17. a3 Bxa3 18. Qg5 h6 19. Qg3 f5 20. exf6 Rxf6 21. Qxb8 1-0